DANIAL MELIHAT SOP DI KILANG PLASTIK = : DANIAL OBSERVES THE SOP OF THE PLASTIC FACTORY

Bibliographic Details
Main Authors: Zabri Hazry (Author), Lee, Anna (Author)
Other Authors: Abdullah Mizan (Illustrator)
Format: Book
Language:Malay
Published: Shah Alam, Selangor : MIKA CEMERLANG Sdn. Bhd. [2021?]
Series:Siri dwibahasa kita jaga kita
Subjects:

MARC

LEADER 00000cam a2200000 7i4500
001 0000142107
005 20211115.0
008 211115s2021 my a xb f may
020 |a 9789670974729 (set) 
020 |a 9789670974774 
040 |a PERPUSTAM   |b eng   |c PERPUSTAM   |e rda 
090 0 0 |a J 899.2333   |b ZAB 
100 0 |a Zabri Hazry ,   |e author 
245 1 0 |a DANIAL MELIHAT SOP DI KILANG PLASTIK = :   |b DANIAL OBSERVES THE SOP OF THE PLASTIC FACTORY   |c DITULIS OLEH ZABRY HAZRY & ANNA LEE ; ILUSTRASI OLEH ABDULLAH MIZAN 
246 3 1 |a Danial observes the SOP of the plastic factory 
264 1 |a Shah Alam, Selangor :   |b MIKA CEMERLANG Sdn. Bhd.   |c [2021?] 
300 |a 30 pages :   |b colour illustrations ;   |c 26 cm. 
336 |a text  |2 rdacontent 
337 |a unmediated  |2 rdamedia 
338 |a volume  |2 rdacarrier 
490 1 |a SIRI DWIBAHASA KITA JAGA KITA 
546 |a Text parallel in Malay and English 
650 1 0 |a Children's stories, Malay 
650 2 0 |a Children's stories, English 
650 2 0 |a COVID-19 (Disease)   |x Prevention   |v Fiction 
650 2 0 |a English fiction 
650 2 0 |a Malay fiction 
650 2 0 |a Social distancing (Public health)   |v Fiction 
700 0 |a Abdullah Mizan ,   |e illustrator 
700 1 |a Lee, Anna ,   |e author 
830 0 |a Siri dwibahasa kita jaga kita 
999 |a 0000696806   |b Buku   |c Koleksi Pinjaman Kanak-Kanak   |e Perbadanan Perpustakaan Awam Melaka 
999 |a 0000696807   |b Buku   |c Koleksi Pinjaman Kanak-Kanak   |e Perbadanan Perpustakaan Awam Melaka 
999 |a 0000696808   |b Buku   |c Koleksi Pinjaman Kanak-Kanak   |e Perbadanan Perpustakaan Awam Melaka 
999 |a 0000696809   |b Buku   |c Koleksi Pinjaman Kanak-Kanak   |e Perpustakaan Cawangan Jasin 
999 |a 0000696810   |b Buku   |c Koleksi Pinjaman Kanak-Kanak   |e Perpustakaan Cawangan Masjid Tanah 
999 |a 0000696811   |b Buku   |c Koleksi Pinjaman Kanak-Kanak   |e Perpustakaan Cawangan Merlimau 
999 |a 0000696812   |b Buku   |c Koleksi Pinjaman Kanak-Kanak   |e Perpustakaan Komuniti UTC Melaka 
999 |a 0000696813   |b Buku   |c Koleksi Pinjaman Kanak-Kanak   |e Perbadanan Perpustakaan Awam Melaka 
999 |a 0000696814   |b Buku   |c Koleksi Pinjaman Kanak-Kanak   |e Perbadanan Perpustakaan Awam Melaka 
999 |a 0000696815   |b Buku   |c Koleksi Pinjaman Kanak-Kanak   |e Perbadanan Perpustakaan Awam Melaka 
999 |a 0000696816   |b Buku   |c Koleksi Pinjaman Kanak-Kanak   |e Perbadanan Perpustakaan Awam Melaka